| 000 | 01281nam a22003137i 4500 | ||
|---|---|---|---|
| 005 | 20210905113345.0 | ||
| 008 | 210905t20202020 ||||e |||| 00| 0 eng d | ||
| 020 |
_a9781433830853 _cRM186.66 _qpaperback |
||
| 040 |
_aPPAK _beng _cPPAK _erda |
||
| 082 | 0 | 4 |
_223 _a616.89156 |
| 090 | 0 | 0 |
_a616.89156 _bLAF _dR |
| 100 | 1 |
_aLafrance, Adele, _eauthor. |
|
| 245 | 1 | 0 |
_aEmotion-Focused Family Therapy : _bA Transdiagnostic Model for Caregiver-Focused Interventions / _cADELE LAFRANCE, KATHERINE A. HENDERSON AND SHARI MAYMAN |
| 264 | 1 |
_aWashington, DC : _bAMERICAN PSYCHOLOGICAL ASSOCIATION, _c[2020?] |
|
| 264 | 4 | _c©2020 | |
| 300 |
_aviii, 212 pages ; _c23 cm |
||
| 336 |
_2rdacontent _atext |
||
| 337 |
_2rdamedia _aunmediated |
||
| 338 |
_2rdacarrier _avolume |
||
| 500 | _aIncludes index. | ||
| 504 | _aBibliography : pages 187-201. | ||
| 520 | _aThis clinical manual describes how to use emotion focused family therapy, an exciting new psychotherapeutic approach in which caregivers play a pivotal role their loved ones' treatment. | ||
| 650 | 1 | 0 | _aEmotion-focused theraphy. |
| 650 | 2 | 0 | _aFamily psychotheraphy. |
| 650 | 2 | 0 |
_aMentally ill _xFamily relationships. |
| 700 | 1 |
_aHenderson, Katherine A., _eauthor. |
|
| 700 | 1 |
_aMayman, Shari, _eauthor. |
|
| 942 |
_2ddc _cB |
||
| 999 |
_c184803 _d184803 |
||